Mediterranean-type ecosystems: a data source book

Đã lưu trong:
Chi tiết về thư mục
Tác giả chính: Specht, Raymond L
Định dạng: Sách
Ngôn ngữ:Tiếng Anh
Được phát hành: Dordrecht, Alemania Kluwer 1988
Loạt:Tasks for Vegetation Science. 19
Những chủ đề:
Các nhãn: Thêm thẻ
Không có thẻ, Là người đầu tiên thẻ bản ghi này!

MARC

LEADER 00000nam a2200000 a 4500
001 UCW0456
003 CL-VaPUC
005 20210909074814.0
008 891207e19880000NE |||||||||||||||||eng|d
999 |c 215614  |d 215612 
040 |c Pontificia Universidad Católica de Valparaíso 
082 0 4 |a 577.5 SPE 1988  |2 21 
100 0 |a Specht, Raymond L  |9 304375 
245 1 0 |a Mediterranean-type ecosystems: a data source book 
260 |a Dordrecht, Alemania  |b Kluwer  |c 1988 
300 |a 248 páginas 
490 0 |a Tasks for Vegetation Science.  |v 19 
583 |a last modification  |c 20120528 09:12:58  |k Rodrigo Vera 
650 0 |a Ecología   |9 258124 
650 0 |a Manuales  |9 257144 
650 7 |a BIOCLIMATOLOGIA  |2 CL-VaPUC  |9 261834 
650 0 |a Clima  |9 265281 
651 7 |a MEDITERRANEO  |2 CL-VaPUC  |9 269643 
942 |c BK  |2 ddc 
945 |d 19891207 00:00:00 
952 |0 0  |1 0  |2 ddc  |4 0  |6 577_500000000000000_SPE_1988  |7 0  |8 A  |9 200074  |a BIBCUR  |b BIBCUR  |d 2019-11-14  |i 3195406  |o 577.5 SPE 1988  |p 3195406  |r 2025-04-22  |t 1  |w 2019-11-14  |y BK  |k BIO